000 00715cam a2200205 a 4500
020 _a0195540239
040 _cCU-A
082 0 0 _a338 OXF 1997 A070 Or.
100 1 _aGodden, David.
245 1 0 _aAgricultural and resource policy :
_bprinciples and practice /
260 _aMelbourne ;
_aNew York :
_bOxford University Press,
_c1997.
300 _axv, 408 p. :
_bill. ;
_c23 cm.
650 0 _aAgriculture and state
650 0 _aAgriculture
650 0 _aAgriculture
856 4 2 _uhttp://www.loc.gov/catdir/enhancements/fy0640/98137450-d.html
856 4 1 _uhttp://www.loc.gov/catdir/enhancements/fy0640/98137450-t.html
856 4 2 _uhttp://www.loc.gov/catdir/enhancements/fy0726/98137450-b.html
942 _cEK
999 _c14797
_d14797